Macbeth Quotes by Scene - Statistics

General Stats
  • This quiz has been taken 43 times
  • The average score is 2 of 64
Answer Stats
Hint Answer % Correct
Act 1 Scene 5 unsex me here
44%
Act 5 Scene 1 Out, damned spot!
34%
Act 2 Scene 1 Is this a dagger which I see before me
22%
Act 1 Scene 1 Fair is foul, and foul is fair, Hover through the fog and filthy air.
13%
Act 1 Scene 5 look like th'innocent flower, But be the serpent under't
9%
Act 5 Scene 5 Out, out, brief candle
9%
Act 2 Scene 2 A little water clears us of this deed.
6%
Act 5 Scene 5 She should have died hereafter
6%
Act 1 Scene 1 thunder, lightning, or in rain
6%
Act 5 Scene 5 Tomorrow, and tomorrow, and tomorrow Creeps in this petty pace from day to day
6%
Act 2 Scene 2 Will all great Neptune's ocean wash this blood Clean from my hand?
6%
Act 5 Scene 1 all the perfumes of Arabia will not sweeten this little hand
3%
Act 1 Scene 2 with his former title greet Macbeth
3%
Act 2 Scene 1 A dagger of the mind, a false creation, Proceeding from the heat-oppressed brain?
0%
Act 2 Scene 1 A friend
0%
Act 4 Scene 3 all my pretty chickens and their dam
0%
Act 2 Scene 2 'Amen' Stuck in my throat
0%
Act 2 Scene 1 And on thy blade and dudgeon gouts of blood
0%
Act 5 Scene 5 At least we'll die with harness on our back.
0%
Act 3 Scene 1 Banquo, thy soul's flight, if it find heaven, must find it out tonight.
0%
Act 4 Scene 3 black Macbeth
0%
Act 3 Scene 1 cruel parricide
0%
Act 4 Scene 1 damned all those that trust them
0%
Act 4 Scene 1 give to th'edge o'th'sword
0%
Act 3 Scene 2 Good things of day begin to droop and drowse
0%
Act 1 Scene 7 Have plucked the nipple from his boneless gums And dashed the brains out
0%
Act 1 Scene 7 He's here in double trust
0%
Act 1 Scene 2 he unseamed him from the nave to th'chaps
0%
Act 2 Scene 3 his gashed stabs looked like a breach in nature
0%
Act 1 Scene 7 I am settled and bend up
0%
Act 3 Scene 1 I fear Thou played'st most foully for't
0%
Act 2 Scene 1 If you shall cleave to my consent, when 'tis, It shall make honour for you
0%
Act 5 Scene 3 I'll fight till from my bones my flesh be hacked!
0%
Act 1 Scene 5 I may pour my spirits in thine ear
0%
Act 2 Scene 1 I think not of them
0%
Act 2 Scene 1 it is a knell That summons thee to heaven or to hell.
0%
Act 1 Scene 5 It is too full o'th'milk of human kindness
0%
Act 3 Scene 3 It will be rain tonight
0%
Act 1 Scene 4 Let not light see my black and deep desires
0%
Act 2 Scene 2 Macbeth does murder sleep
0%
Act 4 Scene 3 Macbeth Is ripe for shaking
0%
Act 5 Scene 8 Macduff was from his mother's womb Untimely ripped.
0%
Act 1 Scene 3 my seated heart knock at my ribs
0%
Act 4 Scene 1 none of woman born Shall harm Macbeth
0%
Act 3 Scene 2 O, full of scorpions is my mind, dear wife!
0%
Act 2 Scene 3 O horror, horror, horror,
0%
Act 1 Scene 7 Shall blow the horrid deed in every eye
0%
Act 2 Scene 3 silver skin laced with golden blood
0%
Act 3 Scene 4 Stepped in so far that I should wade no more, Returning were as tedious as go o'er
0%
Act 3 Scene 1 sweep him from my sight
0%
Act 1 Scene 3 The interim having weighed it, let us speak Our free hearts each to other
0%
Act 1 Scene 5 The raven himself is hoarse That croaks the fatal entrance of Duncan
0%
Act 1 Scene 6 This castle hath a pleasant seat
0%
Act 5 Scene 9 this dead butcher and his fiend-like queen
0%
Act 4 Scene 3 This tyrant, whose sole name blisters our tongues
0%
Act 3 Scene 4 Thy bones are marrowless, thy blood is cold
0%
Act 3 Scene 1 To be thus is nothing, But to be safely thus
0%
Act 1 Scene 3 Two truths are told, As happy prologues to the swelling act Of the imperial theme.
0%
Act 1 Scene 7 Vaulting ambition which o'erleaps itself
0%
Act 3 Scene 4 We are yet but young in deed.
0%
Act 3 Scene 2 We have scorched the snake , not killed it
0%
Act 3 Scene 4 Which must be acted ere they may be scanned.
0%
Act 5 Scene 1 who would have thought the old man to have had so much blood in him?
0%
Act 3 Scene 4 You have displaced the mirth
0%
No matching quizzes found
Score Distribution
Percent of People with Each Score
Percentile by Number Answered
Your Score History
You have not taken this quiz